Music Quiz

Random Music or Song Quiz

Alternative Jukebox 1994 (Clips) Quiz Stats

 Plays Quiz not verified by Sporcle

Challenge
Share
Tweet
Score 0/40 Timer 12:00
0 Plays Today
Index / Start Time Title % Correct
7 / 0:42Black Hole Sun
90.9%
8 / 0:49Buddy Holly
88.9%
6 / 0:35Basket Case
86.9%
3 / 0:14All I Wanna Do
85.3%
22 / 2:27Loser
85.2%
2 / 0:07All Apologies
84.2%
40 / 4:33Zombie
82.7%
25 / 2:48Mr. Jones
80.9%
33 / 3:44Self Esteem
71.4%
20 / 2:13Landslide
66.4%
35 / 3:58Shine
65.6%
9 / 0:56Come Out And Play
64.5%
18 / 1:59I Alone
63.4%
10 / 1:03Daughter
62.8%
1 / 0:00About A Girl
62.3%
21 / 2:20Longview
61.9%
19 / 2:06Interstate Love Song
61.5%
23 / 2:34Mmm Mmm Mmm Mmm
60.8%
38 / 4:19Vasoline
52.3%
39 / 4:26What's The Frequency, Kenneth?
50.1%
Index / Start Time Title % Correct
27 / 3:02No Excuses
43.9%
11 / 1:10Doll Parts
43.7%
13 / 1:24Fade Into You
42.8%
16 / 1:45Found Out About You
41.6%
32 / 3:37Seether
41%
5 / 0:28Bang And Blame
33.9%
15 / 1:38Feel The Pain
30.3%
34 / 3:51Selling The Drama
27.6%
31 / 3:30Return To Innocence
22.4%
17 / 1:52God
22.2%
14 / 1:31Fall Down
17.9%
12 / 1:17Einstein On The Beach (For An Eggman)
16.7%
37 / 4:12Supernova
15%
28 / 3:09Possession
14.2%
29 / 3:16Prayer For The Dying
13.5%
24 / 2:41The More You Ignore Me, The Closer I Get
13.2%
30 / 3:23Purple Haze
9.5%
4 / 0:21Am I Wrong
6.8%
26 / 2:55Night In My Veins
6.4%
36 / 4:05Sometimes Always
4.1%

You're not logged in!

Compare scores with friends on all Sporcle quizzes.
OR
Log In

You Might Also Like...

Show Comments

Extras

Top Quizzes Today


Score Distribution

Your Account Isn't Verified!

In order to create a playlist on Sporcle, you need to verify the email address you used during registration. Go to your Sporcle Settings to finish the process.

Report this User

Report this user for behavior that violates our Community Guidelines.

Details: